Names of Swiss Railway Connections - Statistics

General Stats
  • This quiz has been taken 60 times
  • The average score is 4 of 5
Answer Stats
Example Route Connection type % Correct
Genève - Zürich HB InterCity (IC)
98%
Frauenfeld - Zürich HB InterRegio (IR)
89%
Olten - Langenthal S-Bahn (S)
85%
Vevey - Lausanne RegioExpress (RE)
81%
Zürich HB - Hamburg Hbf EuroCity (EC)
80%
No matching quizzes found
Score Distribution
Percent of People with Each Score
Percentile by Number Answered
Your Score History
You have not taken this quiz